000 00447nam a2200145Ia 4500
008 231217s9999 xx 000 0 und d
041 _aEnglish
082 _a001.6424 VIN;1
100 _aVinay Kumar, H C.
245 0 _aPrinciples of programming languages : for VI sem BE CSE/ISE as per VTU Syllabus
260 _c2006
_bSree Sharada Book Services
_aBangalore
300 _a208
650 _aprogramming,languages,VI,BE,CSE/ISE
942 _cAA
999 _c193144
_d193144